000 00334nam a22001217a 4500
008 230621b xxu||||| |||| 00| 0 eng d
082 _a328.30
_bCPA
100 _cCPA
245 _a3rd Commonwealth Parliamentary Conference of Members from Small Countries
_bKenya 1983
260 _aLondon
_bCPA
_c1983
300 _a68p
942 _2ddc
_cBK
999 _c1979
_d1979